Odgadnij państwa w fragmentach z mapy #2 - Statystyki

Ogólne statystyki
  • Ten quiz został rozwiązany 39 razy
  • Średni wynik to 12 z 16
Statystyki odpowiedzi
Obrazkowy Odpowiedź % Poprawnych
Belgia / Czechy / Dania / Francja / Holandia / Luksemburg / Niemcy / Polska / Szwecja
88%
Białoruś / Kazachstan / Rosja / Ukraina
88%
Dania / Francja / Hiszpania / Irlandia / Islandia / Kanada / Norwegia / Portugalia Stany Zjednoczone / Wielka Brytania
88%
Norwegia / Szwecja
88%
Arabia Saudyjska / Indie / Iran / Oman / Pakistan / Zjednoczone Emiraty Arabskie
84%
Austria / Liechtenstein / Niemcy / Słowenia / Szwajcaria / Włochy
84%
Bangladesz / Bhutan / Chiny / Indie / Laos / Mjanma / Tajlandia / Wietnam
84%
Argentyna / Chile / Wielka Brytania
81%
Kolumbia / Panama / Wenezuela
81%
Francja / Irlandia / Wielka Brytania
78%
Dania / Kanada
72%
Komory / Madagaskar / Mozambik / Tanzania
72%
Angola / Demokratyczna Republika Konga / Malawi / Mozambik / Tanzania / Zambia / Zimbabwe
63%
Mołdawia / Rumunia / Ukraina
63%
Fidżi / Francja / Vanuatu / Wyspy Salomona
59%
Armenia / Azerbejdżan / Gruzja / Iran / Rosja
50%
Nie znaleziono quizów pasujących do podanych kryteriów
Rozkład punktacji
Procent ludzi z każdym wynikiem
Percentyl według liczby udzielonych odpowiedzi
Twoja historia wyników
Nie rozwiązałeś tego quizu